[Event "GER-chT U16"]
[Site "Uelzen"]
[Date "2007.12.28"]
[Round "3.4"]
[White "Guennigmann, Manuel"]
[Black "Haidar, Marcel"]
[Result "1-0"]
[WhiteElo "1945"]
[BlackElo "1599"]
[PlyCount "81"]
[EventDate "2007.12.27"]
[EventType "team-swiss"]
[EventRounds "7"]
[EventCountry "GER"]
[SourceTitle "EXT 2022"]
[Source "ChessBase"]
[SourceDate "2021.10.06"]
[SourceVersion "1"]
[SourceVersionDate "2021.10.06"]
[SourceQuality "1"]
[WhiteTeam "Uelzen Post U16"]
[BlackTeam "Brackel SF U16"]
[WhiteTeamCountry "GER"]
[BlackTeamCountry "GER"]

1. e4 e5 2. Nf3 Nc6 3. Bb5 a6 4. Ba4 Nf6 5. 0-0 b5 6. Bb3 Be7 7. Re1 0-0 8. d3 d6 9. c3 Bg4 10. Nbd2 Na5 11. Bc2 c5 12. h3 Bh5 13. Nf1 Nc6 14. Ng3 Bxf3 15. Qxf3 d5 16. Nf5 d4 17. Qg3 Nh5 18. Qg4 g6 19. Nxe7+ Qxe7 20. Qf3 dxc3 21. bxc3 b4 22. Ba4 Rfc8 23. Bxc6 Rxc6 24. cxb4 cxb4 25. Be3 Rac8 26. d4 exd4 27. Bxd4 Ng7 28. Rad1 Rc2 29. Qb3 Ne6 30. Ba1 Qa7 31. Qf3 h5 32. Qf6 Kh7 33. Bb2 Rg8 34. Rd5 Nf4 35. Qxf4 Rxb2 36. Red1 Qb8 37. Qxf7+ Rg7 38. Qf6 Rc2 39. Rd8 Qb5 40. Qf8 Kh6 41. R8d7 1-0

[Event "GER-chT WK 3 U16"]
[Site "Kiel"]
[Date "2007.05.17"]
[Round "1.2"]
[White "Haidar, Marcel"]
[Black "Rabinovitch, Alexej"]
[Result "0-1"]
[WhiteElo "1487"]
[BlackElo "1403"]
[PlyCount "91"]
[EventDate "2007.05.17"]
[EventType "team-swiss"]
[EventRounds "7"]
[EventCountry "GER"]
[SourceTitle "EXT 2008"]
[Source "ChessBase"]
[SourceDate "2007.11.25"]
[SourceVersion "1"]
[SourceVersionDate "2007.11.25"]
[SourceQuality "1"]

1. c4 Nf6 2. d4 c5 3. d5 b5 4. cxb5 a6 5. Nc3 d6 6. e4 g6 7. bxa6 Bxa6 8. Qa4+ Qd7 9. Qxd7+ Nbxd7 10. Bxa6 Rxa6 11. Nge2 Bg7 12. 0-0 0-0 13. Rb1 Rb8 14. f4 Rb4 15. a3 Rb3 16. Ng3 Ne8 17. Nge2 Rab6 18. Na4 Rb8 19. Rf3 R3b7 20. b3 Nb6 21. Nxb6 Rxb6 22. Bd2 c4 23. b4 Nc7 24. Nc3 Ra6 25. a4 Bxc3 26. Rxc3 Rxa4 27. Rxc4 Nb5 28. Rbc1 Ra2 29. Be3 Na3 30. Rc8+ Rxc8 31. Rxc8+ Kg7 32. h3 Nc2 33. Bd2 Na3 34. Bc3+ f6 35. Ra8 Kf7 36. b5 Nxb5 37. Rxa2 Nxc3 38. Rc2 Nxe4 39. Kf1 Ng3+ 40. Kf2 Nf5 41. g4 Ng7 42. Kf3 f5 43. gxf5 Nxf5 44. Rd2 Kf6 45. Ra2 h5 46. Ra8 0-1

[Event "GER-chT WK 3 U16"]
[Site "Kiel"]
[Date "2007.05.17"]
[Round "7.2"]
[White "Rosenkranz, Christian"]
[Black "Haidar, Marcel"]
[Result "1-0"]
[WhiteElo "1649"]
[BlackElo "1487"]
[PlyCount "39"]
[EventDate "2007.05.17"]
[EventType "team-swiss"]
[EventRounds "7"]
[EventCountry "GER"]
[SourceTitle "EXT 2008"]
[Source "ChessBase"]
[SourceDate "2007.11.25"]
[SourceVersion "1"]
[SourceVersionDate "2007.11.25"]
[SourceQuality "1"]

1. e4 e5 2. d4 exd4 3. c3 d5 4. exd5 Qxd5 5. cxd4 Nc6 6. Nf3 Bg4 7. Be2 Nf6 8. Nc3 Qd7 9. Be3 Bd6 10. 0-0 0-0 11. Rc1 a6 12. Bg5 Rae8 13. d5 Ne5 14. Bxf6 Bxf3 15. Bxf3 gxf6 16. Ne4 Nxf3+ 17. Qxf3 Be5 18. Nxf6+ Bxf6 19. Qxf6 Qxd5 20. Rc3 1-0

[Event "Dortmund Sparkassen op-B"]
[Site "Dortmund"]
[Date "2006.08.04"]
[Round "7"]
[White "Haidar, Marcel"]
[Black "Gronau, Holger"]
[Result "1/2-1/2"]
[WhiteElo "1475"]
[BlackElo "1610"]
[PlyCount "53"]
[EventDate "2006.07.28"]
[EventType "swiss"]
[EventRounds "9"]
[EventCountry "GER"]
[SourceTitle "CBM 113 Extra"]
[Source "ChessBase"]
[SourceDate "2006.09.14"]
[SourceVersion "1"]
[SourceVersionDate "2006.09.14"]
[SourceQuality "1"]

1. c4 Nf6 2. d4 c5 3. d5 Ne4 4. Nd2 Qa5 5. Qc2 Nd6 6. e4 g6 7. Ngf3 Bg7 8. Be2 Na6 9. a3 0-0 10. 0-0 f5 11. Nb3 Qc7 12. exf5 Nxf5 13. Bd2 e5 14. Bd3 d6 15. Rab1 Bd7 16. Nc1 Rab8 17. Na2 b5 18. b4 bxc4 19. Qxc4 Bb5 20. Qe4 Bxd3 21. Qxd3 Qc8 22. Rfc1 Rb6 23. Be3 Nxe3 24. fxe3 Qe8 25. e4 Bh6 26. Rc4 Qb8 27. Qc2 1/2-1/2

[Event "Dortmund Sparkassen op-B"]
[Site "Dortmund"]
[Date "2006.07.28"]
[Round "2"]
[White "Duschek, Guenter"]
[Black "Haidar, Marcel"]
[Result "1-0"]
[WhiteElo "1679"]
[BlackElo "1475"]
[PlyCount "111"]
[EventDate "2006.07.28"]
[EventType "swiss"]
[EventRounds "9"]
[EventCountry "GER"]
[SourceTitle "CBM 113 Extra"]
[Source "ChessBase"]
[SourceDate "2006.09.14"]
[SourceVersion "1"]
[SourceVersionDate "2006.09.14"]
[SourceQuality "1"]

1. d4 d5 2. Bf4 e6 3. Nf3 Nf6 4. e3 Bd6 5. Bg3 0-0 6. Bd3 Re8 7. c3 Nc6 8. Bb5 a6 9. Bxc6 bxc6 10. Nbd2 Nd7 11. Ne5 Bxe5 12. dxe5 f6 13. exf6 Nxf6 14. Bh4 e5 15. Qc2 d4 16. Ne4 Bf5 17. Nxf6+ Qxf6 18. Qb3+ Be6 19. Bxf6 Bxb3 20. axb3 gxf6 21. Ke2 dxe3 22. fxe3 Re6 23. Ra5 Kf7 24. Rha1 Rg8 25. g3 Rd8 26. Rd1 Ra8 27. Rd7+ Re7 28. Rd1 Ree8 29. Rc5 Ke7 30. Rxc6 Ra7 31. Ra1 Rea8 32. Rc4 Ke6 33. Rh4 c6 34. Rh6 a5 35. Rf1 Rf7 36. g4 Rb8 37. g5 Rxb3 38. Rfxf6+ Rxf6 39. Rxf6+ Kd5 40. Kd3 Rxb2 41. e4+ Kc5 42. Rh6 Rg2 43. h4 Rg3+ 44. Kc2 a4 45. Rxh7 Kc4 46. Ra7 Rg2+ 47. Kb1 Kxc3 48. Ra6 c5 49. g6 c4 50. h5 Kb4 51. h6 c3 52. h7 c2+ 53. Kb2 a3+ 54. Rxa3 c1Q+ 55. Kxc1 Kxa3 56. h8Q 1-0

[Event "Dortmund op-B"]
[Site "Dortmund"]
[Date "2005.07.17"]
[Round "9"]
[White "Rohsiepe, Sebastian"]
[Black "Haidar, Marcel"]
[Result "1-0"]
[WhiteElo "1584"]
[BlackElo "1283"]
[PlyCount "96"]
[EventDate "2005.07.08"]
[EventType "swiss"]
[EventRounds "9"]
[EventCountry "GER"]
[SourceTitle "CBM 107 Extra"]
[Source "ChessBase"]
[SourceDate "2005.09.01"]
[SourceVersion "1"]
[SourceVersionDate "2005.09.01"]
[SourceQuality "1"]

1. e4 e6 2. d4 d5 3. exd5 exd5 4. Nf3 Bg4 5. Be2 Nd7 6. Nc3 c6 7. 0-0 Bd6 8. Re1 Ne7 9. h3 Bh5 10. Bg5 f6 11. Bd2 Qc7 12. Nh4 Bxe2 13. Qxe2 0-0-0 14. a3 g5 15. Nf3 h5 16. Bxg5 fxg5 17. Nxg5 Rdg8 18. Nf7 Rh7 19. Qe6 Rg6 20. Qxg6 Nxg6 21. Re8+ Qd8 22. Nxd8 Kc7 23. Ne6+ Kb6 24. Ng5 Re7 25. Re1 Rxe1+ 26. Rxe1 Bf4 27. Nf3 Kc7 28. g3 Bd6 29. Ng5 h4 30. Kg2 hxg3 31. fxg3 Ne7 32. Nf7 Nf5 33. Nxd6 Kxd6 34. Ne2 Ne3+ 35. Kf3 Nc4 36. h4 Nf6 37. Nc3 Nd2+ 38. Kf4 Nh5+ 39. Kg4 Nf6+ 40. Kf5 Nh5 41. g4 Ng7+ 42. Kf6 Nf3 43. Re3 Nxd4 44. Kxg7 Nxc2 45. Rf3 c5 46. h5 d4 47. h6 Ne3 48. Rxe3 dxe3 1-0